000 00309nam a22001337a 4500
005 20251210153134.0
008 251210b |||||||| |||| 00| 0 eng d
037 _cJOU
040 _aAL
_cAL
041 _2ENG
_aENG
245 _aAfrican studies
942 _2CC
_cTB
_n0
999 _c1466154
_d1466154